00946nam a2200253 4500003000400000005001700004008004100021040002300062050002200085100004200107245011000149264005100259300003600310336002200346337002400368338002400392500011900416650003600535650002400571650003900595700002600634942001500660999001700675OSt20260530115320.0260508b1980 xxu||||| |||| 00| 0 eng d aICIbspacICIerda00aNK1510 bP38 19801 aPearce, Peter, d 1936-eautor93429610aExperiments in form :b a foundation course in three-dimensional design /cPeter Pearce and Susan Pearce. 1aNew York : bVan Nostrand Reinhold Co.,c1980. a146 páginas b ilustraciones  2rdacontentatexto 2rdamediaasin medio 2rdacarrieravolumen aExplora los principios de la estructura y la geometría aplicados al diseño espacial y la creación de formas. 4aDiseño tridimensional.934297 4aForma (Estética). 4aGeometría en el diseño.9342991 aPearce, Susan.934300 2lccn1cBK c13744d13744